000 00393nam a2200145Ia 4500
005 20260430133759.0
008 260429s9999||||xx |||||||||||||| ||und||
020 _a817581005X
082 _a821.4
_bLAL
100 _aLall, Ramji
245 0 _aParadise lost, Book I /
_cRamji Lall
260 _aNew Delhi :
_bRama Brothers India Pvt. Ltd.,
_c2005.
300 _aviii, 287 p.; pbk
942 _cTB
999 _c53969
_d53969